Statistics for Countries in 1700

Click here to take the quiz!

General Stats

  • This quiz has been taken 59 times
  • The average score is 12 of 16

Answer Stats

Year FoundedCountry% Correct
1497British Empire
98%
1492Spanish Empire
95%
1547Tsardom of Russia
91%
987Kingdom of France
89%
1644Qing Empire
88%
1299Ottoman Empire
86%
1415Portugese Empire
86%
800-962Holy Roman Empire
80%
1611Swedish Empire
77%
1600Tokugawa Shogunate
77%
1569Polish-Lithuanian Commonwealth
73%
1537Denmark-Norway
71%
1555Mughal Empire
66%
1526Habsburg Monarchy
54%
1525Duchy of Prussia
46%
1390Kingdom of Kongo
14%

Score Distribution

Percentile by Number Answered

Percent of People with Each Score

Your Score History

You have not taken this quiz